Start with P, ends with H - Statistics

General Stats
  • This quiz has been taken 49 times
  • The average score is 11 of 15
Answer Stats
Clue Answer % Correct
Egyptian ruler Pharaoh
100%
Opposite of pull Push
100%
Pledge or Mr Sheen Polish
93%
If you come from Warsaw, you'll be this Polish
93%
Bodies of text are usually split into these Paragraph
90%
Masculine form of matriarch Patriarch
90%
An area which a priest or vicar is responsible for Parish
88%
What one follows in life Path
88%
Closely related to the nectarine Peach
85%
Luxurious Plush
75%
An outcast Pariah
70%
Not fully pink? Pinkish
60%
What a budgie might stand on? Perch
58%
American poet and writer, born 1932 Plath
18%
Spiteful Peevish
15%
No matching quizzes found
Score Distribution
Percent of People with Each Score
Percentile by Number Answered
Your Score History
You have not taken this quiz